00421nam a2200145Ia 4500100001600000942000700016654001200023245003400035260004400069082001000113300000800123546001200131999001700143952011500160 aZeyher/L.R  cBK aManager aProduction Managers Desk Book bPrentice Hall of IndiaaNewJerseyc1971 a658.5 a238 aENGLISH c30238d30238 001040708AFTaCRCEbCRCEd2023-03-17g215.70iT-156l0o658.5 pAFT1704r2023-03-17v215.70w2023-03-17yBK